000 00238nam a22001097a 4500
041 _aENG
245 _aGround Water CD -ROM
260 _aDelhi
_bNational Ground Water Assoclation
_c2004
300 _a1 CD
650 _aIDE
856 _uCD
999 _c2651
_d2651